| 000 | 00441nam a22001697a 4500 | ||
|---|---|---|---|
| 003 | MPLRDC | ||
| 005 | 20220104124407.0 | ||
| 008 | 210129b ||||| |||| 00| 0 eng d | ||
| 082 | _a539.52 ZJMJ | ||
| 100 | _a镇江市民间文艺研究会编 | ||
| 245 |
_a镇江民间故事 _c |
||
| 250 | _a一版一刷 | ||
| 260 |
_a _b中国民间文艺出版社 _c1982 |
||
| 300 | _b平 | ||
| 650 | _a中国民间故事 | ||
| 942 |
_cBK _o539.52 ZJMJ |
||
| 999 |
_c18978 _d18968 |
||